La oscura memoria de las armas
Tallennettuna:
| Päätekijä: | |
|---|---|
| Aineistotyyppi: | Kirja |
| Kieli: | espanja |
| Julkaistu: |
Santiago
LOM
2008
|
| Painos: | 1a. ed |
| Sarja: | Colección Narrativa Plus
|
| Aiheet: | |
| Tagit: |
Lisää tagi
Ei tageja, Lisää ensimmäinen tagi!
|
MARC
| LEADER | 00000cam a2200000 a 4500 | ||
|---|---|---|---|
| 001 | UCG8587 | ||
| 003 | CL-VaPUC | ||
| 008 | 111223e20080000CL |||||||||||||||||spa|d | ||
| 020 | |a 9789562829984 | ||
| 082 | 0 | 4 | |a Ch863 |b DIA |2 21 |
| 100 | |a Díaz Eterovic, Ramón |e autor |9 322452 | ||
| 245 | 1 | 3 | |a La oscura memoria de las armas |
| 250 | |a 1a. ed | ||
| 300 | |a 289 p | ||
| 942 | |c BK | ||
| 945 | |d 20111223 00:00:00 |a cmena | ||
| 260 | |a Santiago |b LOM |c 2008 | ||
| 650 | 0 | |a Novelas chilenas |9 265425 | |
| 650 | 0 | |a Literatura chilena |9 308278 | |
| 583 | |a last modification |c 20111223 12:06:00 |k Rodrigo Vera | ||
| 490 | 0 | |a Colección Narrativa Plus | |
| 999 | |c 346193 |d 346191 | ||
| 952 | |0 0 |1 0 |4 0 |6 CH_863_000000000000000_DIA_2008 |7 0 |8 A |9 446779 |a FDOPOS |b FDOPOS |d 2019-11-22 |i 4817494 |o Ch863 DIA 2008 |p 4817494 |r 2025-01-22 |w 2019-11-22 |y BK |k DLH | ||